| 000 | 00408nam a2200109Ia 4500 | ||
|---|---|---|---|
| 008 | 171204s9999 xx 000 0 und d | ||
| 245 | 4 | _aThe Urban Sketching Handbook: Reportage and Documentary Drawing: Tips and Techniques for Drawing on Location | |
| 245 | _cVeronica Lawlor | ||
| 260 | _c2015 | ||
| 650 | _xADVANCED JOURNALISTIC WRITING & PUBLICATION | ||
| 856 | _uhttp://down.ebook777.com/040/1631590685.pdf | ||
| 999 |
_c346022 _d346022 |
||